Příklady daňových dokladů. Faktury a paragony musí splňovat obsahové náležitosti dané zákonem.

Čo musia obsahovať a ako majú vyzerať daňové doklady v Českej republike. Príklady zachytávajúce situácie, ku ktorým dochádza pri dodávkach tovaru. Bežné daňové doklady. Daňové dobropisy a vrubopisy. Doklady o použití.

Enregistré dans:
Détails bibliographiques
Format: Chapitre de livre
Langue:tchèque
Sujets:
Tags: Ajouter un tag
Pas de tags, Soyez le premier à ajouter un tag!

MARC

LEADER 00000naa a2200000 4500
001 r011430
005 20220826094021.8
041 0 |a cze 
044 |a [CS] 
245 1 0 |a Příklady daňových dokladů.  |b Faktury a paragony musí splňovat obsahové náležitosti dané zákonem. 
520 |a Čo musia obsahovať a ako majú vyzerať daňové doklady v Českej republike. Príklady zachytávajúce situácie, ku ktorým dochádza pri dodávkach tovaru. Bežné daňové doklady. Daňové dobropisy a vrubopisy. Doklady o použití. 
610 2 0 |a dane 
610 2 0 |a doklady účtovné 
610 2 0 |a Čechy 
610 2 0 |a doklady daňové 
610 2 0 |a predpisy právne 
610 2 0 |a dodávky